000 00661nam a22001817a 4500
005 20251108171143.0
008 250721s9999 xx 000 0 ara d
082 1 4 _aط/560/بار
100 1 _aباركر، برتاموريس
245 1 0 _aالحياة منذ كانت /
264 1 _aالقاهرة :
_bالجمعية المصرية لنشر المعرفة والثقافة العالمية،
_c[19-].
300 _a35ص
490 0 _aمجموعة الكتب العلمية المبسطة ، 24
650 1 7 _aعلم الأحافير الحيوانية
700 1 _aالحسيني، أحمد حماد
_eترجمة
942 _2ddc
_cBK
999 _c57960
_d57960